Los legados
সংরক্ষণ করুন:
| প্রধান লেখক: | |
|---|---|
| বিন্যাস: | গ্রন্থ |
| ভাষা: | স্প্যানিশ |
| প্রকাশিত: |
Madrid
Reus
1951
|
| বিষয়গুলি: | |
| ট্যাগগুলো: |
ট্যাগ যুক্ত করুন
কোনো ট্যাগ নেই, প্রথমজন হিসাবে ট্যাগ করুন!
|
MARC
| LEADER | 00000nam a2200000 a 4500 | ||
|---|---|---|---|
| 001 | UCS1178 | ||
| 003 | CL-VaPUC | ||
| 008 | 970509e19510000SP |||||||||||||||||spa|d | ||
| 082 | 0 | 4 | |a 346.054 |b DIA |2 21 |
| 100 | 0 | |a Díaz Cruz, Mario |e author |9 385379 | |
| 245 | 1 | 4 | |a Los legados |
| 300 | |a 796 p | ||
| 942 | |c BK | ||
| 945 | |d 19970509 00:00:00 |a cmena | ||
| 260 | |a Madrid |b Reus |c 1951 | ||
| 650 | 0 | |a Derecho sucesorio |9 255015 | |
| 650 | 0 | |a Testamento |9 258220 | |
| 650 | 0 | |a Herencia |9 256325 | |
| 650 | 0 | |a Herederos |9 357054 | |
| 650 | 0 | |a Derecho civil |9 255013 | |
| 650 | 7 | |a RESPONSABILIDAD CIVIL |2 CL-VaPUC |9 385380 | |
| 650 | 0 | |a Código civil |9 256135 | |
| 650 | 0 | |a Derecho privado |9 258243 | |
| 650 | 0 | |a Derecho español |9 255291 | |
| 651 | 0 | |a España |9 254926 | |
| 583 | |a last modification |c 19970509 00:00:00 |k Rodrigo Vera | ||
| 999 | |c 259280 |d 259278 | ||
| 952 | |0 0 |1 0 |4 0 |6 346_054000000000000_DIA_1951 |7 0 |8 X |9 283928 |a BIBDER |b BIBDER |d 2019-11-19 |i 1844970 |o 346.054 DIA 1951 |p 1844970 |r 2023-01-25 |w 2019-11-19 |y BK_X |k DER | ||